Lingapadavi padanangal/ (Record no. 181896)

000 -LEADER
fixed length control field 00464nam a22001817a 4500
020 ## - INTERNATIONAL STANDARD BOOK NUMBER
ISBN 9789390790975
082 ## - DEWEY DECIMAL CLASSIFICATION NUMBER
Classification number M 305.3
Item number RAJ/L
245 ## - TITLE STATEMENT
Title Lingapadavi padanangal/
Statement of responsibility, etc by Rajesh M R(ed.)
250 ## - EDITION STATEMENT
Edition statement 4th ed.
260 ## - PUBLICATION, DISTRIBUTION, ETC. (IMPRINT)
Place of publication Kozhikkode:
Name of publisher Atma books,
Year of publication 2023.
300 ## - PHYSICAL DESCRIPTION
Number of Pages 176p.
650 ## - SUBJECT ADDED ENTRY--TOPICAL TERM
Topical Term Men and masculinities
650 ## - SUBJECT ADDED ENTRY--TOPICAL TERM
Topical Term Gender studies
650 ## - SUBJECT ADDED ENTRY--TOPICAL TERM
Topical Term People by gender or sex
650 ## - SUBJECT ADDED ENTRY--TOPICAL TERM
Topical Term Groups of people
650 ## - SUBJECT ADDED ENTRY--TOPICAL TERM
Topical Term Social science
942 ## - ADDED ENTRY ELEMENTS (KOHA)
Koha item type Book
Holdings
Withdrawn status Lost status Damaged status Not for loan Permanent Location Current Location Shelving location Date acquired Cost, normal purchase price Full call number Accession Number Price effective from Koha item type
        Sree Sankaracharya University of Sanskrit Sree Sankaracharya University of Sanskrit Stacks 01.06.2026 350.00 M 305.3 RAJ/L 108923 01.06.2026 Book